Review on rubbers in medicine: natural, silicone and polyurethane rubbers (Record no. 66968)

MARC details
000 -LEADER
fixed length control field 01715nam a2200205Ia 4500
100 ## - MAIN ENTRY--AUTHOR NAME
Personal name Rahimi A
245 #0 - TITLE STATEMENT
Title Review on rubbers in medicine: natural, silicone and polyurethane rubbers
260 ## - PUBLICATION, DISTRIBUTION, ETC. (IMPRINT)
Name of publisher Plastics, Rubber and composites Macromolecular Engineering
Year of publication 2013
300 ## - PHYSICAL DESCRIPTION
Number of Pages 223-230
520 ## - SUMMARY, ETC.
Summary, etc Natural, silicone and polyurethane rubbers are considered as three important biomaterials which have found widespread applications in medical technology. Biocompatibility, biodurability, sterilisability, processibility, as well as mechanical properties, such as flexibility and resilience, are properties that make these kinds of rubbers appropriates candidates for mechanical applications. Medical devices based on natural rubber, silicone and polyurethane rubbers include cardiac pacemaker leads, mammary prostheses, artificial skin, catheters, denture liners, diaphragms, blood pressure cuff coil, tubes and seals. These type of rubbers are commonly used in controlled drug delivery systems as a carrier for phaemaceutical agents and in the fabrication of other medical devices.These polymers were evaluated for release of hormones (e.g. estradiol and progesterone), metronidazole, nonoxynol-9, etc. In this paper, some recent advances on the development of these polymers in the biomedical field and some reports on the modification and improvement of their properties such as drug release and mechanical properties are reviewed.
650 ## - SUBJECT ADDED ENTRY--TOPICAL TERM
Topical Term Biomaterial
650 ## - SUBJECT ADDED ENTRY--TOPICAL TERM
Topical Term Biomedical devices
650 ## - SUBJECT ADDED ENTRY--TOPICAL TERM
Topical Term Drug delivery systems
650 ## - SUBJECT ADDED ENTRY--TOPICAL TERM
Topical Term Natural rubber
650 ## - SUBJECT ADDED ENTRY--TOPICAL TERM
Topical Term Polyurethane
650 ## - SUBJECT ADDED ENTRY--TOPICAL TERM
Topical Term Silicone rubber
700 ## - ADDED ENTRY--PERSONAL NAME
Personal name Mashak A
942 ## - ADDED ENTRY ELEMENTS (KOHA)
Koha item type Journals
Holdings
Withdrawn status Lost status Damaged status Not for loan Home library Current library Shelving location Date acquired Serial Enumeration / chronology Koha item type
      Journals RRII Library RRII Library Rubber technology 20/09/2013 Volume 42, Issue 6 Journals